000
00310nam a2200133Ia 4500
008
220216s9999 xx 000 0 und d
100
_a
Cassie A B D
245
0
_a
Fatigue in rubber.Pt.1
260
_b
IRI Transactions
_c
1936
300
_a
49-80
700
_a
Jones M
700
_a
Naunton W J S
942
_c
JS
999
_c
59312
_d
59312